<?xml version="1.0" encoding="UTF-8"?>
<record
    xmlns:xsi="http://www.w3.org/2001/XMLSchema-instance"
    xsi:schemaLocation="http://www.loc.gov/MARC21/slim http://www.loc.gov/standards/marcxml/schema/MARC21slim.xsd"
    xmlns="http://www.loc.gov/MARC21/slim">

  <leader>02425agaaa2200337   4500</leader>
  <controlfield tag="001">6180</controlfield>
  <controlfield tag="003">IT-RoPAU</controlfield>
  <controlfield tag="005">20220918181249.0</controlfield>
  <controlfield tag="007">d cvaizq</controlfield>
  <controlfield tag="008">50131s9999||||xx ||| |     ||   ||und||</controlfield>
  <datafield tag="040" ind1=" " ind2=" ">
    <subfield code="a">IT-RoPAU</subfield>
    <subfield code="c">IT-RoPAU</subfield>
  </datafield>
  <datafield tag="041" ind1=" " ind2=" ">
    <subfield code="a">ITALIANO</subfield>
  </datafield>
  <datafield tag="100" ind1=" " ind2=" ">
    <subfield code="a">Kurosawa Akira</subfield>
    <subfield code="g">Codice regista SPICS: 4968</subfield>
    <subfield code="9">48341</subfield>
  </datafield>
  <datafield tag="130" ind1=" " ind2=" ">
    <subfield code="a">DERZU UZALA</subfield>
    <subfield code="9">48342</subfield>
  </datafield>
  <datafield tag="240" ind1=" " ind2=" ">
    <subfield code="a">DERSU UZALA</subfield>
    <subfield code="g">T1807</subfield>
  </datafield>
  <datafield tag="245" ind1=" " ind2=" ">
    <subfield code="a">DERZU UZALA</subfield>
    <subfield code="c">Sceneggiatura: Kurosawa Akira Naguibine Yurij -- Diretto da: Kurosawa Akira</subfield>
    <subfield code="p">DERZU UZALA (Rif. Codice opera principale : 26180)</subfield>
  </datafield>
  <datafield tag="246" ind1=" " ind2=" ">
    <subfield code="a">DERSU UZALA</subfield>
  </datafield>
  <datafield tag="250" ind1=" " ind2=" ">
    <subfield code="a">Edizione Standard</subfield>
  </datafield>
  <datafield tag="260" ind1=" " ind2=" ">
    <subfield code="a">TOKIO (URSS-GIAPPONE)</subfield>
    <subfield code="b">MOSFILM - STUDIO 41 / </subfield>
    <subfield code="g">"1976 (1&#xB0; ed.: 1984 ; Ed. Lingua Orig.: 1976)"</subfield>
  </datafield>
  <datafield tag="300" ind1=" " ind2=" ">
    <subfield code="a">VHS</subfield>
    <subfield code="b">sonoro, col.</subfield>
    <subfield code="c">128 minuti</subfield>
  </datafield>
  <datafield tag="508" ind1=" " ind2=" ">
    <subfield code="a">"Fotografia: Nakai A. Gantman Y.; Montaggio: Stefanova Viera; Musica: Schwartz Isaac; Sceneggiatura: Kurosawa Akira Naguibine Yurij; "</subfield>
  </datafield>
  <datafield tag="511" ind1=" " ind2=" ">
    <subfield code="a">"Solomin Jurij; Munzuk Maksim"</subfield>
  </datafield>
  <datafield tag="520" ind1=" " ind2=" ">
    <subfield code="a">ALL'INIZIO DEL SECOLO IL CAPITANO ARSENIEV CONDUCE UNA PICCOLA SPEDIZIONE DI RICOGNIZIONI GEOGRAFICHE AI CONFINI DELLA CINA NELLA VASTA E INESPLORATAZONA DEL FIUME USSURI UNA SERA MENTRE GLI UOMINI RIPOSANO NELLA TAJGA ACCANTO AL FUOCO SI PRESENTA UN CACCIATORE ANZIANO DELLA TRIBU' DEI GOLD E' UN TIPO BIZZARRO MA PROFONDAMENTE SAGGIO ESPERTISSIMO DELLA REGIONE E ORMAI PRIVO DELLA FAMIGLIA TOLTAGLI DA UN'EPIDEMIA DI PESTE INVITATO A FUNGERE DA GUIDA DERSU ACCETTA E SI DIMOSTRA ESTREMAMENTE UTILE: INSEGNA A TUTTI I SEGRETI DELLA NATURA E SALVA LA VITA AD ARSENIEV A SUA VOLTA IL CAPITANO SALVA DERSU DALLE RAPIDE DI UN TORRENTE SEPARATISI CON DISPIACERE I DUE AMICI SI RITROVANO NEL CORSO DI UNA SECONDA SPEDIZIONE MA L'ANZIANO CACCIATORE STA DIVENENDO CIECO ARSENIEV LO CONDUCE IN CITTA' E LO OSPITA IN UNA CASA ALLA QUALE IL GOLD NON E' ABITUATO QUANDO DERSU SENTE LA NOSTALGIA DELLA TAJGA ARSENIEV GLI REGALA UN FUCILE MODERNISSIMO CHE INGOLOSIRA' UN IGNOTO BRIGANTEE COSTERA' LA VITA AL CIECO FILM A COLORIIL PICCOLO UOMO DELLE GRANDI PIANURE</subfield>
  </datafield>
  <datafield tag="538" ind1=" " ind2=" ">
    <subfield code="a">PAL, STEREO</subfield>
  </datafield>
  <datafield tag="546" ind1=" " ind2=" ">
    <subfield code="a">ITALIANO</subfield>
  </datafield>
  <datafield tag="650" ind1=" " ind2=" ">
    <subfield code="a">CRONACA POETICA</subfield>
    <subfield code="e">FILMS [VHS]</subfield>
    <subfield code="x">Codice MATERIA SPICS: 9960</subfield>
    <subfield code="9">48343</subfield>
  </datafield>
  <datafield tag="700" ind1=" " ind2=" ">
    <subfield code="a">Kurosawa Akira </subfield>
    <subfield code="e">(regista)</subfield>
    <subfield code="g">Codice regista SPICS: 4968</subfield>
    <subfield code="9">48344</subfield>
  </datafield>
  <datafield tag="700" ind1=" " ind2=" ">
    <subfield code="a">Kurosawa Akira </subfield>
    <subfield code="e">(soggetto)</subfield>
    <subfield code="g">Codice Soggetto SPICS: 4968</subfield>
    <subfield code="9">48345</subfield>
  </datafield>
  <datafield tag="700" ind1=" " ind2=" ">
    <subfield code="a">Schwartz Isaac</subfield>
    <subfield code="e">(musica)</subfield>
    <subfield code="g">Codice Musica SPICS: 30784</subfield>
    <subfield code="9">48346</subfield>
  </datafield>
  <datafield tag="942" ind1=" " ind2=" ">
    <subfield code="c">VH</subfield>
    <subfield code="2">ddc</subfield>
  </datafield>
  <datafield tag="999" ind1=" " ind2=" ">
    <subfield code="c">106714</subfield>
    <subfield code="d">106714</subfield>
  </datafield>
  <datafield tag="952" ind1=" " ind2=" ">
    <subfield code="0">0</subfield>
    <subfield code="1">0</subfield>
    <subfield code="4">0</subfield>
    <subfield code="6">26180_000000000000000</subfield>
    <subfield code="7">1</subfield>
    <subfield code="a">SPICS</subfield>
    <subfield code="b">SPICS</subfield>
    <subfield code="d">2015-01-31</subfield>
    <subfield code="l">0</subfield>
    <subfield code="o">26180</subfield>
    <subfield code="r">2015-01-31 00:00:00</subfield>
    <subfield code="w">2015-01-31</subfield>
    <subfield code="y">VH</subfield>
    <subfield code="z">Progr. Ins.: 1596 / N.Vol.:1 / Copie: 1 / Pag.: / Copia rara: NO / date import: 1.2.2015 / By Epidotti, Trombetti, Vaglietti</subfield>
  </datafield>
</record>
